• 首页
  • 本馆介绍
  • 公告通知
  • 最新文献
  • 馆藏检索
  • 电子资源
  • 读者导购
  • 参考咨询
  • 我的图书馆
  • 登录
  • 详细信息显示
  • 放入我的书架
  • 预约/预借图书
  • 作者相关作品
  • 分类相关作品
  • 丛书相关作品
  • 出版社相关作品

书目信息

  • 表格格式
  • 工作单格式
  • 卡片格式
题名:
安全科学导论
    
 
作者: 罗云 主编
分册:  
出版信息: 北京   中国质检出版社  2013
页数: 273页
开本: 26cm
丛书名:
单 册:
中图分类: X9
科图分类:
主题词: 安全科学--高等教育--教材 , 安全科学
电子资源:
ISBN: 978-7-5026-3907-5
000 01079nam0 2200265 450
001 007039015
005 20150923162513.73
010    @a978-7-5026-3907-5@b精装@dCNY68.00
100    @a20140429d2013 em y0chiy50 ea
101 0  @achi@eeng
102    @aCN@b110000
105    @aa z 000yy
106    @ar
200 1  @a安全科学导论@Aan quan ke xue dao lun@f罗云主编
210    @a北京@c中国质检出版社@c中国标准出版社@d2013
215    @a273页@c图@d26cm
300    @a“十二五”普通高等教育规划教材
300    @a“十二五”国家科技支撑计划课题2011BAK06B06研究成果 质检公益性行业科研专项成果
330    @a本书基于科学学及安全学阐述安全科学的基础性、理论性的专业教材。在安全科学的基础性科学方面,重点论述了安全科学的基本概念、学科建设的理论、学科发展、学科体系等内容;在安全科学理论方面,主要论述了安全哲学、安全原理、安全定量科学、安全基本理论等内容。
606 0  @a安全科学@x高等教育@j教材
606 0  @a安全科学
690    @aX9@v5
701  0 @a罗云@Aluo yun@4主编
801  0 @aCN@b碧洲教育@c20150812
905    @a10447@b208707611@b208707620@b208707639@b208707648@f4@dX9@e21
    
    安全科学导论/罗云主编.-北京:中国质检出版社:中国标准出版社,2013
    273页:图;26cm
    “十二五”普通高等教育规划教材.-“十二五”国家科技支撑计划课题2011BAK06B06研究成果 质检公益性行业科研专项成果
    
    ISBN 978-7-5026-3907-5(精装):CNY68.00
    本书基于科学学及安全学阐述安全科学的基础性、理论性的专业教材。在安全科学的基础性科学方面,重点论述了安全科学的基本概念、学科建设的理论、学科发展、学科体系等内容;在安全科学理论方面,主要论述了安全哲学、安全原理、安全定量科学、安全基本理论等内容。
●
相关链接 在E读中查询图书 在五车中查询图书 在当当中查询图书 在豆瓣中查询图书


正题名:安全科学导论     索取号:X9/21         预约/预借

序号 登录号 条形码 馆藏地/架位号 状态 备注
1 0870761   208707611   第三借阅区/ [索取号:X9/21] 在馆    
2 0870762   208707620   第三借阅区/ [索取号:X9/21] 在馆    
3 0870763   208707639   第三借阅区/ [索取号:X9/21] 在馆    
4 0870764   208707648   第三借阅区/ [索取号:X9/21] 在馆    
唐山师范学院图书馆 欢迎您!
大连网信软件有限公司© 版权所有